Statistiques concernant They Shoot Pictures, Don't They? - films 101 à 120

Cliquez ici pour prendre le quiz!

Statistiques générales

  • Ce quiz a été pris 50 fois
  • Le résultat moyen est 8 sur 20

Statistiques - réponses

Réponse% Correct
Orange mécanique
100%
Le Magicien d'Oz
90%
La Leçon de piano
73%
Annie Hall
68%
Il était une fois en Amérique
63%
Aguirre, la colère de Dieu
59%
Les Chaussons Rouges
54%
Hiroshima, mon amour
51%
La Maman et la Putain
46%
L'Année Dernière à Marienbad
34%
Requiem pour un massacre
34%
Yi yi
29%
Sherlock Junior
24%
Vivre
24%
Sátántangó
22%
Tous les autres s'appellent Ali
22%
A Brighter Summer Day
15%
L'Esprit de la ruche
15%
Madame de…
15%
Les Rapaces
5%

Distribution des résultats

Percentile par nombre de réponses

% des personnes avec chaque résultat

Votre développement - résultats

Vous n’avez pas pris ce quiz